[Event "IV Torneo A"]
[Site "Assisi ITA"]
[Date "2008.12.19"]
[Round "2"]
[White "Procacci, Sergio"]
[Black "Trasciatti, Mirko"]
[Result "1-0"]
[WhiteElo "2052"]
[BlackElo "1963"]
[PlyCount "91"]
[EventDate "2008.12.18"]

1. e4 e6 2. d4 d5 3. e5 c5 4. c3 Nc6 5. Nf3 Nge7 6. a3 Nf5 7. b4 cxb4 8. cxb4
Qb6 9. Be3 a6 10. Nc3 Bd7 11. Bd3 Be7 12. Bxf5 exf5 13. Nxd5 Qd8 14. Nc3 Rc8
15. Rc1 h6 16. d5 Nb8 17. d6 Bg5 18. Nxg5 hxg5 19. Nd5 Rxc1 20. Qxc1 Bc6 21.
Bb6 Qd7 22. Nc7+ Kf8 23. Qxg5 Bb5 24. Nxb5 Qxb5 25. Qd8+ Qe8 26. Qxe8+ Kxe8 27.
O-O Nc6 28. f4 Kd7 29. g3 Re8 30. Kg2 f6 31. exf6 gxf6 32. Rd1 Re2+ 33. Kh3 Re4
34. Kh4 Re8 35. Kh5 Rg8 36. Kh6 Ke6 37. d7 Nd8 38. Bxd8 Rxd8 39. Kg7 b6 40. h4
a5 41. h5 axb4 42. axb4 b5 43. h6 Rf8 44. d8=N+ Ke7 45. Nc6+ Ke6 46. Nd4+ 1-0

[Event "IV Torneo A"]
[Site "Assisi ITA"]
[Date "2008.12.19"]
[Round "2"]
[White "Quimi, Marco"]
[Black "Vocaturo, Daniele"]
[Result "0-1"]
[WhiteElo "2239"]
[BlackElo "2383"]
[PlyCount "66"]
[EventDate "2008.12.18"]

1. e4 c5 2. Nf3 d6 3. d4 cxd4 4. Nxd4 Nf6 5. Nc3 a6 6. Be2 e5 7. Nb3 Be7 8. Bg5
O-O 9. Qd3 Be6 10. Bxf6 Bxf6 11. O-O-O Be7 12. Nd5 Nc6 13. Kb1 a5 14. a4 Nb4
15. Nxb4 axb4 16. Qb5 Bd7 17. Qxb7 Rxa4 18. Bb5 Bxb5 19. Qxb5 Qa8 20. Rd5 Rb8
21. Qc4 Qa7 22. Rf1 Ra8 23. Kc1 Ra2 24. g3 Bg5+ 25. Kd1 Qd7 26. Qd3 Qh3 27. Ke2
Rxb2 28. Rxd6 Rc8 29. Na1 Qh5+ 30. f3 Qxh2+ 31. Rf2 Qxg3 32. Qa6 Rf8 33. Rc6
Bh4 0-1

[Event "IV Torneo A"]
[Site "Assisi ITA"]
[Date "2008.12.19"]
[Round "2"]
[White "Tocchioni, Doriano"]
[Black "Meijers, Viesturs"]
[Result "0-1"]
[WhiteElo "2259"]
[BlackElo "2514"]
[PlyCount "62"]
[EventDate "2008.12.18"]

1. d4 b6 2. e4 Bb7 3. Nc3 e6 4. Bd3 d6 5. f4 Nf6 6. Nf3 c5 7. O-O cxd4 8. Nxd4
a6 9. g4 b5 10. g5 b4 11. gxf6 bxc3 12. fxg7 Bxg7 13. bxc3 Nd7 14. Rb1 Nc5 15.
Qh5 Rg8 16. Nxe6 Bxc3+ 17. Kh1 Qe7 18. Nxc5 dxc5 19. Rxb7 Qxb7 20. Qxc5 Rc8 21.
Qf5 Bd4 22. Qxh7 Rh8 23. Qf5 Rc5 24. Qg4 Rch5 25. Qg3 Rh3 26. Qg2 Qb6 27. Rf3
Rxf3 28. Qxf3 Rg8 29. h4 Qg6 30. Kh2 Qg1+ 31. Kh3 Bf2 0-1

[Event "IV Torneo A"]
[Site "Assisi ITA"]
[Date "2008.12.19"]
[Round "2"]
[White "Vuelban, Virgilio"]
[Black "Caruso, Augusto"]
[Result "1-0"]
[WhiteElo "2390"]
[BlackElo "2250"]
[PlyCount "59"]
[EventDate "2008.12.18"]

1. d4 e6 2. e4 d5 3. Nc3 Nf6 4. e5 Nfd7 5. f4 c5 6. Nf3 Nc6 7. Be3 Rb8 8. Qd2
Qa5 9. Ne2 Qxd2+ 10. Kxd2 c4 11. g4 b5 12. h4 Nb6 13. Bh3 c3+ 14. Nxc3 Nc4+ 15.
Ke2 Nxb2 16. Rab1 Nc4 17. Rxb5 Rxb5 18. Nxb5 Nb4 19. c3 Bd7 20. Nc7+ Kd8 21.
Nxe6+ fxe6 22. cxb4 Bxb4 23. f5 Rf8 24. Rb1 a5 25. Bg5+ Kc7 26. f6 gxf6 27.
Bxf6 h6 28. g5 h5 29. g6 Rg8 30. g7 1-0

[Event "IV Torneo A"]
[Site "Assisi ITA"]
[Date "2008.12.19"]
[Round "3"]
[White "Calandri, Fausto"]
[Black "Aleksic, Nenad"]
[Result "1/2-1/2"]
[WhiteElo "2130"]
[BlackElo "2376"]
[PlyCount "103"]
[EventDate "2008.12.18"]

1. e4 c5 2. c3 b6 3. d4 Bb7 4. Bd3 Nf6 5. Nd2 e6 6. Ngf3 Be7 7. O-O d6 8. Qe2
Nbd7 9. Re1 a6 10. a3 Qc7 11. b4 O-O 12. Bb2 Rfd8 13. Rac1 Nf8 14. Rcd1 Ng6 15.
g3 Nf8 16. Rb1 b5 17. bxc5 dxc5 18. Rec1 c4 19. Bc2 N8d7 20. a4 Nb6 21. Ra1
Rdc8 22. Ba3 Bxa3 23. Rxa3 Nxa4 24. Bxa4 bxa4 25. Rxa4 Nxe4 26. Rxc4 Nxd2 27.
Nxd2 Qd7 28. Rxc8+ Rxc8 29. f3 h6 30. Ne4 Qd5 31. Qe3 a5 32. Rb1 Ba8 33. Nd2
Qa2 34. Qd3 Bd5 35. Kf1 a4 36. Rb4 Qa3 37. Ke2 f5 38. Nb1 Qa1 39. c4 Bc6 40.
Qe3 Kh8 41. Qc3 Qxc3 42. Nxc3 a3 43. Rb6 Bd7 44. Kd3 Ra8 45. Na2 Kg8 46. Kc3
Kf7 47. Rb7 Ke7 48. f4 Kd8 49. Rb3 Kc7 50. Kb4 Ra4+ 51. Kc3 Bc6 52. Rb1 1/2-1/2

[Event "IV Torneo A"]
[Site "Assisi ITA"]
[Date "2008.12.19"]
[Round "3"]
[White "Caruso, Augusto"]
[Black "De Filomeno, Simone"]
[Result "1-0"]
[WhiteElo "2250"]
[BlackElo "2147"]
[PlyCount "47"]
[EventDate "2008.12.18"]

1. Nc3 c5 2. Nf3 Nc6 3. d4 cxd4 4. Nxd4 g6 5. Nxc6 bxc6 6. Qd4 Nf6 7. e4 Bg7 8.
e5 Ng8 9. Bc4 d5 10. Bd3 Qc7 11. Bf4 e6 12. O-O Ne7 13. Rfe1 Qb6 14. Be3 Qxb2
15. Qc5 Bxe5 16. Bd2 Qb8 17. Rxe5 Qxe5 18. Re1 Qg7 19. Nxd5 cxd5 20. Bb5+ Bd7
21. Bc3 Qf8 22. Bf6 Nc6 23. Qxc6 Rd8 24. Rxe6+ 1-0

[Event "IV Torneo A"]
[Site "Assisi ITA"]
[Date "2008.12.19"]
[Round "3"]
[White "Cuppone, Damiano"]
[Black "Marsili, Riccardo"]
[Result "1/2-1/2"]
[WhiteElo "1953"]
[BlackElo "1859"]
[PlyCount "20"]
[EventDate "2008.12.18"]

1. d4 Nf6 2. c4 c5 3. d5 e5 4. Nc3 d6 5. e4 Be7 6. g3 Nbd7 7. Bg2 O-O 8. f4
exf4 9. gxf4 Ne8 10. Nf3 Bh4+ 1/2-1/2

[Event "IV Torneo A"]
[Site "Assisi ITA"]
[Date "2008.12.19"]
[Round "3"]
[White "Meijers, Viesturs"]
[Black "Vocaturo, Daniele"]
[Result "1-0"]
[WhiteElo "2514"]
[BlackElo "2383"]
[PlyCount "63"]
[EventDate "2008.12.18"]

1. c4 g6 2. Nc3 Bg7 3. b3 d6 4. Bb2 e5 5. e3 Nc6 6. a3 f5 7. g3 Nf6 8. Bg2 O-O
9. Nge2 g5 10. Qc2 f4 11. h4 gxh4 12. Rxh4 Ne7 13. gxf4 Ng6 14. Rh1 exf4 15.
O-O-O fxe3 16. fxe3 c6 17. Rdg1 Qe7 18. Bh3 Bxh3 19. Rxh3 Qd7 20. Rgh1 Rf7 21.
Ng3 Ne7 22. Nce2 Kf8 23. Nf4 Ke8 24. Bxf6 Bxf6 25. Rxh7 Rxh7 26. Qxh7 Qg4 27.
Ne4 Be5 28. Nd3 Kd8 29. Nxe5 dxe5 30. Rf1 Ng6 31. Nf6 Nf8 32. Qf7 1-0

[Event "IV Torneo A"]
[Site "Assisi ITA"]
[Date "2008.12.19"]
[Round "3"]
[White "Procacci, Sergio"]
[Black "Quimi, Marco"]
[Result "1-0"]
[WhiteElo "2052"]
[BlackElo "2239"]
[PlyCount "119"]
[EventDate "2008.12.18"]

1. e4 c5 2. Nc3 Nc6 3. g3 g6 4. Bg2 Bg7 5. d3 Nf6 6. f4 d6 7. Nf3 O-O 8. O-O
Rb8 9. h3 b5 10. g4 b4 11. Ne2 Bd7 12. Ng3 Qc7 13. Be3 Ne8 14. Qc1 Nd4 15. f5
Ba4 16. Rf2 d5 17. Bf4 Nxf3+ 18. Rxf3 Be5 19. exd5 Bxf4 20. Qxf4 Qxf4 21. Rxf4
Bxc2 22. Rc1 Bxd3 23. Rxc5 Nd6 24. f6 exf6 25. Rxf6 Rfd8 26. Rc6 Ne8 27. Rf2
Bb5 28. Rc5 Rdc8 29. Rfc2 Rxc5 30. Rxc5 Bd3 31. Ne4 Bxe4 32. Bxe4 Kf8 33. b3
Nd6 34. Bf3 Rb7 35. Rc6 Ke7 36. Kf2 g5 37. Ke3 Kd7 38. Kd3 Rc7 39. Rc2 Rxc2 40.
Kxc2 Nb5 41. Kd3 Nc3 42. a4 Kd6 43. Kc4 a5 44. Bh1 Nb1 45. Kb5 Nd2 46. Kxa5 Kc5
47. d6 Nxb3+ 48. Ka6 Nd4 49. d7 Ne6 50. Be4 b3 51. Kb7 Kb4 52. Kc8 Kxa4 53.
d8=Q Nxd8 54. Kxd8 Kb4 55. Ke7 Kc4 56. Kxf7 Kd4 57. Bxh7 Ke5 58. Bf5 b2 59. Kg6
Kf4 60. Bb1 1-0

[Event "IV Torneo A"]
[Site "Assisi ITA"]
[Date "2008.12.19"]
[Round "3"]
[White "Trasciatti, Mirko"]
[Black "Di Lascio, Savino"]
[Result "1-0"]
[WhiteElo "1963"]
[BlackElo "1953"]
[PlyCount "49"]
[EventDate "2008.12.18"]

1. f4 Nf6 2. e3 d6 3. Nf3 Nbd7 4. d4 c5 5. c3 g6 6. Be2 Bg7 7. O-O O-O 8. Qc2
Re8 9. Nbd2 e5 10. dxe5 dxe5 11. Bc4 exf4 12. exf4 Nb6 13. Ng5 Nxc4 14. Nxc4
Bf5 15. Qd1 Bd3 16. Ne5 Bxf1 17. Qxf1 Re7 18. Be3 Nd7 19. Rd1 Bxe5 20. fxe5 Qe8
21. Rd5 Rxe5 22. Rxe5 Nxe5 23. Bxc5 h6 24. Ne4 f5 25. Nf6+ 1-0

[Event "IV Torneo A"]
[Site "Assisi ITA"]
[Date "2008.12.20"]
[Round "4"]
[White "Aleksic, Nenad"]
[Black "Tocchioni, Doriano"]
[Result "1/2-1/2"]
[WhiteElo "2376"]
[BlackElo "2259"]
[PlyCount "32"]
[EventDate "2008.12.18"]

1. e4 Nc6 2. Nf3 d6 3. d4 Bg4 4. Bb5 a6 5. Bxc6+ bxc6 6. Nc3 Nf6 7. h3 Bxf3 8.
Qxf3 e6 9. e5 Nd5 10. O-O Be7 11. Ne4 O-O 12. a3 a5 13. a4 Kh8 14. Qe2 c5 15.
exd6 cxd6 16. dxc5 dxc5 1/2-1/2

[Event "IV Torneo A"]
[Site "Assisi ITA"]
[Date "2008.12.20"]
[Round "4"]
[White "Calandri, Fausto"]
[Black "Corvi, Marco"]
[Result "1/2-1/2"]
[WhiteElo "2130"]
[BlackElo "2343"]
[PlyCount "53"]
[EventDate "2008.12.18"]

1. e4 Nf6 2. e5 Nd5 3. d4 d6 4. Nf3 dxe5 5. Nxe5 g6 6. Bc4 c6 7. O-O Bg7 8. Nd2
O-O 9. Ndf3 Nd7 10. Re1 a5 11. a4 Nxe5 12. dxe5 Bg4 13. h3 Bxf3 14. Qxf3 e6 15.
Qe4 Nb6 16. Bb3 Nd7 17. Bf4 Nc5 18. Qe3 Nxb3 19. Qxb3 Qd5 20. c4 Qd4 21. Bg3
Qc5 22. Rad1 Rad8 23. Qc3 h6 24. b3 Rfe8 25. Rd3 Qb4 26. Qxb4 axb4 27. Red1
1/2-1/2

[Event "IV Torneo A"]
[Site "Assisi ITA"]
[Date "2008.12.20"]
[Round "4"]
[White "De Filomeno, Simone"]
[Black "Trasciatti, Mirko"]
[Result "1-0"]
[WhiteElo "2147"]
[BlackElo "1963"]
[PlyCount "99"]
[EventDate "2008.12.18"]

1. e4 e6 2. d4 d5 3. Nc3 dxe4 4. Nxe4 Bd7 5. Nf3 Bc6 6. Bd3 Nd7 7. O-O Ngf6 8.
Nxf6+ Nxf6 9. c3 Bxf3 10. Qxf3 c6 11. Bf4 Bd6 12. Be5 Qe7 13. Qg3 Bxe5 14. dxe5
Nd5 15. Qxg7 O-O-O 16. Be4 Rdg8 17. Qh6 Rg4 18. Bxd5 cxd5 19. g3 Rg6 20. Qe3
Kb8 21. Rad1 Rhg8 22. Rd4 h5 23. Kh1 Rg4 24. Rxg4 Rxg4 25. f4 h4 26. Kg2 b6 27.
Kh3 Rg8 28. g4 Qe8 29. Kxh4 Qb5 30. Rf2 Rc8 31. b3 Qc6 32. Rd2 d4 33. cxd4 Qc1
34. Re2 Qf1 35. Kg3 Rh8 36. h4 Rd8 37. Re1 Qa6 38. a4 Qa5 39. Rc1 Rc8 40. Rxc8+
Kxc8 41. h5 Qd5 42. Qf3 Qa5 43. Qc6+ Kd8 44. b4 Qa6 45. h6 Qe2 46. Qf3 Qe1+ 47.
Kh3 Qb1 48. Qa8+ Ke7 49. Kh4 Qf1 50. h7 1-0

[Event "IV Torneo A"]
[Site "Assisi ITA"]
[Date "2008.12.20"]
[Round "4"]
[White "Marsili, Riccardo"]
[Black "Bighiu, Gheorghe"]
[Result "0-1"]
[WhiteElo "1859"]
[BlackElo "2026"]
[PlyCount "68"]
[EventDate "2008.12.18"]

1. e4 e5 2. f4 exf4 3. Bc4 g5 4. Nf3 Bg7 5. O-O d6 6. d4 h6 7. c3 Ne7 8. Qb3
O-O 9. Nbd2 Nbc6 10. Qc2 Ng6 11. b4 g4 12. Ne1 Nxd4 13. cxd4 Bxd4+ 14. Kh1 Bxa1
15. Nb3 Be5 16. Nd3 g3 17. Nxe5 dxe5 18. Nd2 Nh4 19. Nf3 Nxf3 20. Rxf3 Qh4 21.
h3 Bg4 22. Rf1 Rad8 23. Kg1 f3 24. gxf3 Bxh3 25. Re1 g2 26. Qf2 Qxf2+ 27. Kxf2
Kh7 28. Kg1 Rd6 29. Kh2 Be6 30. Bxe6 Rxe6 31. Kxg2 Rc6 32. a3 Rc2+ 33. Kg1 Rg8+
34. Kf1 Rgg2 0-1

[Event "IV Torneo A"]
[Site "Assisi ITA"]
[Date "2008.12.20"]
[Round "4"]
[White "Quimi, Marco"]
[Black "Gambardella, Piero"]
[Result "1-0"]
[WhiteElo "2239"]
[BlackElo "2021"]
[PlyCount "51"]
[EventDate "2008.12.18"]

1. d4 Nf6 2. Nf3 e6 3. Bf4 c5 4. e3 Nd5 5. Bg3 cxd4 6. exd4 Qb6 7. Qc1 Nc6 8.
c3 d6 9. Nbd2 Be7 10. Bd3 O-O 11. O-O Bd7 12. Re1 Rac8 13. Ne4 Ncb4 14. Bb1 Bb5
15. Qd2 Na6 16. Neg5 g6 17. h4 Nf6 18. a4 Bc4 19. Ne4 Nc7 20. a5 Qc6 21. Qh6
Ncd5 22. Nfg5 Rfe8 23. Nf3 Ng4 24. Qd2 Ndf6 25. Bf4 Bd5 26. Ba2 {...} 1-0

[Event "IV Torneo A"]
[Site "Assisi ITA"]
[Date "2008.12.20"]
[Round "4"]
[White "Vocaturo, Daniele"]
[Black "Caruso, Augusto"]
[Result "1-0"]
[WhiteElo "2383"]
[BlackElo "2250"]
[PlyCount "47"]
[EventDate "2008.12.18"]

1. e4 e5 2. Nf3 Nc6 3. d4 exd4 4. Bc4 Nf6 5. e5 d5 6. Bb5 Ne4 7. Nxd4 Bc5 8.
Be3 Bxd4 9. Qxd4 O-O 10. Bxc6 bxc6 11. Nc3 Ng5 12. O-O-O Ne6 13. Qa4 Bd7 14.
Qa3 f6 15. exf6 Qxf6 16. Ne4 Qg6 17. Nc5 Nxc5 18. Qxc5 Rfe8 19. h4 Re4 20. Rxd5
Qe6 21. Rd2 Qxa2 22. Rxd7 Qa1+ 23. Kd2 Qxh1 24. Bg5 1-0

[Event "IV Torneo A"]
[Site "Assisi ITA"]
[Date "2008.12.20"]
[Round "4"]
[White "Vuelban, Virgilio"]
[Black "Meijers, Viesturs"]
[Result "0-1"]
[WhiteElo "2390"]
[BlackElo "2514"]
[PlyCount "37"]
[EventDate "2008.12.18"]

1. e4 c5 2. Nf3 e6 3. d4 cxd4 4. Nxd4 a6 5. Bd3 Nf6 6. O-O d6 7. Nc3 Nbd7 8.
Be3 b5 9. a4 bxa4 10. Rxa4 Nc5 11. Ra2 Bb7 12. f3 Be7 13. b4 Nxd3 14. Qxd3 O-O
15. Nb3 Qc7 16. Na4 d5 17. Nbc5 dxe4 18. fxe4 Rfd8 19. Qe2 {...} 0-1

[Event "IV Torneo A"]
[Site "Assisi ITA"]
[Date "2008.12.20"]
[Round "5"]
[White "Bighiu, Gheorghe"]
[Black "Vuelban, Virgilio"]
[Result "0-1"]
[WhiteElo "2026"]
[BlackElo "2390"]
[PlyCount "83"]
[EventDate "2008.12.18"]

1. e4 c5 2. c3 d6 3. d4 Nf6 4. Bb5+ Bd7 5. Bxd7+ Nbxd7 6. f3 g6 7. Ne2 Bg7 8.
Be3 Qc7 9. Nd2 O-O 10. O-O Rfc8 11. Nb3 c4 12. Nd2 e5 13. d5 b5 14. b4 a5 15.
a3 Nb6 16. Qc2 Nfd7 17. g4 Ra6 18. Ra2 Rca8 19. Rfa1 Na4 20. Ng3 Bf6 21. g5 Bd8
22. h4 Qc8 23. Kg2 Bb6 24. Ndf1 R8a7 25. Ne2 Qa8 26. Nc1 Qd8 27. Ne2 f6 28. Qd2
Bxe3 29. Qxe3 Nab6 30. Qd2 axb4 31. cxb4 fxg5 32. hxg5 Na4 33. Rc1 Qe7 34. Nfg3
Ra8 35. Nc3 Nxc3 36. Rxc3 Nb6 37. Ne2 Rf8 38. Rc1 Ra7 39. Nc3 Rf4 40. Nxb5
Qxg5+ 41. Kf2 Rxf3+ 42. Ke2 {...} 0-1

[Event "IV Torneo A"]
[Site "Assisi ITA"]
[Date "2008.12.20"]
[Round "5"]
[White "Caruso, Augusto"]
[Black "Aleksic, Nenad"]
[Result "1-0"]
[WhiteElo "2250"]
[BlackElo "2376"]
[PlyCount "43"]
[EventDate "2008.12.18"]

1. Nc3 c5 2. Nf3 d6 3. d4 cxd4 4. Nxd4 Nf6 5. g3 a6 6. Bg2 e6 7. e4 Qc7 8. O-O
Nc6 9. Re1 Nd7 10. Nd5 exd5 11. Nxc6 bxc6 12. exd5+ Be7 13. Qg4 g6 14. Rxe7+
Kxe7 15. Bg5+ Kf8 16. Qa4 Ne5 17. f4 Kg7 18. fxe5 dxe5 19. Qh4 Qb6+ 20. Kh1
cxd5 21. Qh6+ Kg8 22. Be7 1-0

[Event "IV Torneo A"]
[Site "Assisi ITA"]
[Date "2008.12.20"]
[Round "5"]
[White "Corvi, Marco"]
[Black "Vocaturo, Daniele"]
[Result "0-1"]
[WhiteElo "2343"]
[BlackElo "2383"]
[PlyCount "114"]
[EventDate "2008.12.18"]

1. c4 e5 2. Nc3 d6 3. Nf3 f5 4. d4 e4 5. Bg5 Be7 6. Bxe7 Qxe7 7. Ng1 Nf6 8. e3
O-O 9. Nge2 c6 10. h4 Na6 11. Nf4 Nc7 12. g3 g6 13. Qa4 Be6 14. Rd1 Bf7 15. Be2
h6 16. Qa3 Kg7 17. b3 Rh8 18. Qb2 d5 19. cxd5 cxd5 20. Rc1 g5 21. Ng2 Ne6 22.
Kd2 Bg6 23. Nb5 a6 24. Qa3 Qd7 25. Nc3 f4 26. gxf4 gxf4 27. h5 Bh7 28. Nxf4
Nxf4 29. exf4 Rhe8 30. Nd1 e3+ 31. fxe3 Ne4+ 32. Ke1 Kh8 33. Qa5 Qg7 34. Bf3
Qg3+ 35. Ke2 Nf2 36. Qe1 Nxh1 37. Qxh1 Qxf4 38. Rc5 Qxd4 39. Rxd5 Qa1 40. Rd2
Rad8 41. Qe1 Qe5 42. Rxd8 Qb5+ 43. Kf2 Rxd8 44. Qc3+ Kg8 45. Qc4+ Qxc4 46. bxc4
Kf8 47. Nc3 Rd2+ 48. Kg3 Rc2 49. Nd5 Rxc4 50. Nf6 Rc7 51. e4 Bg8 52. a3 b5 53.
Kf4 a5 54. e5 b4 55. axb4 axb4 56. Bd5 Bxd5 57. Nxd5 Rd7 0-1

[Event "IV Torneo A"]
[Site "Assisi ITA"]
[Date "2008.12.20"]
[Round "5"]
[White "De Filomeno, Simone"]
[Black "Quimi, Marco"]
[Result "0-1"]
[WhiteElo "2147"]
[BlackElo "2239"]
[PlyCount "120"]
[EventDate "2008.12.18"]

1. e4 c5 2. Nf3 d6 3. d4 cxd4 4. Nxd4 Nf6 5. Nc3 g6 6. g3 Bg7 7. Bg2 O-O 8. O-O
Bg4 9. f3 Bd7 10. Be3 Nc6 11. Nde2 Rc8 12. Qd2 Ne5 13. b3 Re8 14. h3 Qa5 15. f4
Neg4 16. hxg4 Nxg4 17. Bd4 Qh5 18. Rfe1 e5 19. fxe5 Bh6 20. Qd3 dxe5 21. Bf2
Bc6 22. Rad1 Re6 23. Nc1 Rf6 24. Re2 Qh2+ 25. Kf1 Be3 26. Rdd2 Qxg3 27. Nd1
Nh2+ 28. Kg1 Nf3+ 29. Kf1 Nxd2+ 30. Rxd2 Bxf2 31. Rxf2 Qxd3+ 32. Nxd3 Rxf2+ 33.
Kxf2 f6 34. Ne3 Bd7 35. c4 Kg7 36. b4 b6 37. c5 Bb5 38. Nb2 bxc5 39. a4 Bd7 40.
b5 Be6 41. Nbc4 Rd8 42. a5 Rb8 43. b6 axb6 44. Nxb6 c4 45. Ned5 Rb7 46. Ke3 Ra7
47. Nxc4 h5 48. Bf1 g5 49. Bd3 h4 50. Kf2 g4 51. Bc2 Kg6 52. Ba4 Kg5 53. Bb5 f5
54. a6 f4 55. Nxe5 h3 56. Nc6 Rh7 57. a7 g3+ 58. Ke2 Rxa7 59. Nxa7 h2 60. Nc7
Bc4+ 0-1

[Event "IV Torneo A"]
[Site "Assisi ITA"]
[Date "2008.12.20"]
[Round "5"]
[White "Meijers, Viesturs"]
[Black "Procacci, Sergio"]
[Result "1-0"]
[WhiteElo "2514"]
[BlackElo "2052"]
[PlyCount "33"]
[EventDate "2008.12.18"]

1. e4 d6 2. d4 Nf6 3. Nc3 g6 4. Be2 Bg7 5. Be3 c6 6. Qd2 Qa5 7. a3 Nbd7 8. f4
e5 9. Nh3 Qc7 10. O-O exd4 11. Bxd4 Nc5 12. e5 Nfe4 13. Qe3 Bxh3 14. Nxe4 Be6
15. exd6 Bxd4 16. Qxd4 O-O-O 17. Qxc5 1-0

[Event "IV Torneo A"]
[Site "Assisi ITA"]
[Date "2008.12.20"]
[Round "5"]
[White "Tocchioni, Doriano"]
[Black "Calandri, Fausto"]
[Result "1/2-1/2"]
[WhiteElo "2259"]
[BlackElo "2130"]
[PlyCount "71"]
[EventDate "2008.12.18"]

1. d4 e6 2. Nf3 Nf6 3. g3 b6 4. Bg2 Bb7 5. c4 Be7 6. O-O O-O 7. Qc2 c5 8. dxc5
bxc5 9. Nc3 d6 10. Rd1 Qb6 11. Bf4 a6 12. Rd2 Rd8 13. Rad1 h6 14. h3 Nc6 15.
Na4 Qc7 16. Nxc5 Nb4 17. Nxe6 fxe6 18. Qb3 Bxf3 19. Bxf3 Rab8 20. c5 Nbd5 21.
cxd6 Bxd6 22. Bxd6 Rxd6 23. Qd3 Rdb6 24. b3 Rc8 25. Qg6 Qf7 26. Qd3 Qc7 27. Qg6
Qf7 28. Qd3 Qc7 29. Kg2 Ne7 30. g4 Kh8 31. e3 Qc3 32. Qb1 Qc7 33. Qd3 Qc3 34.
Qb1 Qc7 35. Qd3 Qc3 36. Qb1 1/2-1/2

[Event "IV Torneo A"]
[Site "Assisi ITA"]
[Date "2008.12.20"]
[Round "5"]
[White "Trasciatti, Mirko"]
[Black "Cuppone, Damiano"]
[Result "1/2-1/2"]
[WhiteElo "1963"]
[BlackElo "1953"]
[PlyCount "125"]
[EventDate "2008.12.18"]

1. b3 e5 2. Bb2 Nc6 3. e3 d5 4. Bb5 Bd6 5. f4 Qe7 6. Nf3 Bg4 7. fxe5 Bxe5 8.
Bxe5 Bxf3 9. Qxf3 Qxe5 10. O-O Nf6 11. Bxc6+ bxc6 12. Nc3 O-O 13. Qf5 Rae8 14.
Rf3 Ne4 15. Qxe5 Rxe5 16. Nxe4 dxe4 17. Rf4 Rd8 18. Rd1 f6 19. Kf1 h5 20. Ke2
f5 21. h4 Rc5 22. c4 Rd3 23. Rff1 g6 24. Ra1 a5 25. Rfc1 Re5 26. Rc3 Rxc3 27.
dxc3 Kf7 28. Rd1 Ke6 29. a4 c5 30. Rd5 Rxd5 31. cxd5+ Kd6 32. c4 c6 33. dxc6
Kxc6 34. g3 Kd6 35. Kf2 Ke5 36. Kg2 Kf6 37. Kh2 g5 38. Kg2 gxh4 39. gxh4 Ke5
40. Kg3 f4+ 41. exf4+ Kd4 42. f5 e3 43. f6 Kd3 44. f7 e2 45. f8=Q e1=Q+ 46. Kh3
Qh1+ 47. Kg3 Qg1+ 48. Kh3 Qg4+ 49. Kh2 Qxh4+ 50. Kg2 Qg4+ 51. Kh2 Qg5 52. Qf3+
Kc2 53. Kh1 h4 54. Qh3 Kb2 55. b4 cxb4 56. Qg2+ Qxg2+ 57. Kxg2 Ka3 58. c5 b3
59. c6 b2 60. c7 b1=Q 61. c8=Q Kxa4 62. Kh3 Qe4 63. Qd7+ 1/2-1/2

[Event "IV Torneo A"]
[Site "Assisi ITA"]
[Date "2008.12.21"]
[Round "6"]
[White "Aleksic, Nenad"]
[Black "Gambardella, Piero"]
[Result "1-0"]
[WhiteElo "2376"]
[BlackElo "2021"]
[PlyCount "34"]
[EventDate "2008.12.18"]

1. e4 e6 2. d4 d5 3. Nc3 Bb4 4. e5 c5 5. Qg4 Ne7 6. Nf3 Nbc6 7. Bb5 Bd7 8. Bxc6
bxc6 9. O-O cxd4 10. Nxd4 c5 11. Nf3 Nf5 12. Rd1 O-O 13. Bg5 Qa5 14. Ne2 Qa4
15. b3 Qc6 16. Ng3 Bc3 17. Nxf5 Kh8 1-0

[Event "IV Torneo A"]
[Site "Assisi ITA"]
[Date "2008.12.21"]
[Round "6"]
[White "Corvi, Marco"]
[Black "De Filomeno, Simone"]
[Result "0-1"]
[WhiteElo "2343"]
[BlackElo "2147"]
[PlyCount "38"]
[EventDate "2008.12.18"]

1. c4 e5 2. Nc3 Nf6 3. Nf3 Nc6 4. e3 d5 5. cxd5 Nxd5 6. Bb5 Nxc3 7. bxc3 Bd6 8.
d4 e4 9. Nd2 Qg5 10. Qa4 O-O 11. Bxc6 bxc6 12. Qxc6 Rb8 13. Nxe4 Qg6 14. Nxd6
cxd6 15. Qc4 d5 16. Qe2 Ba6 17. Qf3 Qc2 18. Qf4 Qxc3+ 19. Bd2 Qd3 0-1

[Event "IV Torneo A"]
[Site "Assisi ITA"]
[Date "2008.12.21"]
[Round "6"]
[White "Cuppone, Damiano"]
[Black "Bighiu, Gheorghe"]
[Result "0-1"]
[WhiteElo "1953"]
[BlackElo "2026"]
[PlyCount "55"]
[EventDate "2008.12.18"]

1. d4 d5 2. c4 c6 3. Nf3 Nf6 4. Nc3 e6 5. Bg5 dxc4 6. e4 b5 7. e5 h6 8. Bh4 g5
9. Nxg5 hxg5 10. Bxg5 Be7 11. exf6 Bxf6 12. Bxf6 Qxf6 13. g3 Bb7 14. Bg2 Na6
15. Ne4 Qe7 16. O-O O-O-O 17. a4 f5 18. axb5 cxb5 19. Rxa6 Bxa6 20. Nc5 Qxc5
21. dxc5 Rxd1 22. Rxd1 b4 23. Ra1 c3 24. bxc3 b3 25. h4 Bd3 26. Rxa7 b2 27.
Ra8+ Kc7 28. Ra7+ 0-1

[Event "IV Torneo A"]
[Site "Assisi ITA"]
[Date "2008.12.21"]
[Round "6"]
[White "Di Lascio, Savino"]
[Black "Marsili, Riccardo"]
[Result "1-0"]
[WhiteElo "1953"]
[BlackElo "1859"]
[PlyCount "117"]
[EventDate "2008.12.18"]

1. Nf3 c5 2. e4 g6 3. g3 Bg7 4. Bg2 Nc6 5. O-O d6 6. d3 Nf6 7. Qe2 O-O 8. h3
Nd7 9. c3 Rb8 10. a4 Qa5 11. Nbd2 b5 12. Nb3 Qc7 13. axb5 Rxb5 14. Qc2 Nde5 15.
Ne1 Be6 16. c4 Nb4 17. Qd1 Nxc4 18. dxc4 Bxc4 19. Nd2 Bxf1 20. Bxf1 Rbb8 21.
Nc4 Nc6 22. Nc2 Ne5 23. N4e3 e6 24. f4 Nc6 25. Nc4 Nd4 26. N2e3 Rfd8 27. Ra3 d5
28. exd5 exd5 29. Ne5 f6 30. N5g4 f5 31. Nxd5 Rxd5 32. Bc4 fxg4 33. Bxd5+ Kh8
34. Qxg4 Nf5 35. Qe2 Bd4+ 36. Kg2 Qd7 37. Bc4 Re8 38. Qf3 Qe7 39. Bd2 Ne3+ 40.
Bxe3 Bxe3 41. Bb5 Bd4 42. Bxe8 Qe1 43. h4 Qxe8 44. Rxa7 Qe6 45. Qa8+ Qg8 46.
Qb7 Bg7 47. Ra8 Bf8 48. Qd7 Qg7 49. Qxg7+ Kxg7 50. b3 Bd6 51. Kf3 h6 52. Ke4
Kf6 53. Ra4 Ke6 54. g4 Kd7 55. f5 gxf5+ 56. gxf5 h5 57. Kd5 Bf8 58. Ra7+ Kd8
59. Ke6 1-0

[Event "IV Torneo A"]
[Site "Assisi ITA"]
[Date "2008.12.21"]
[Round "6"]
[White "Procacci, Sergio"]
[Black "Vuelban, Virgilio"]
[Result "0-1"]
[WhiteElo "2052"]
[BlackElo "2390"]
[PlyCount "60"]
[EventDate "2008.12.18"]

1. e4 c5 2. Nc3 Nc6 3. f4 g6 4. Nf3 Bg7 5. g3 d6 6. Bg2 Nf6 7. d3 O-O 8. O-O
Rb8 9. h3 b5 10. g4 b4 11. Ne2 Nd7 12. Ng3 Qb6 13. Kh1 Ba6 14. Re1 Qa5 15. Nd2
Nd4 16. Ne2 Nc6 17. Nb3 Qc7 18. Rb1 Nb6 19. Be3 c4 20. Nbd4 Nxd4 21. Bxd4 e5
22. Bxb6 Qxb6 23. f5 cxd3 24. cxd3 Qe3 25. Nc1 Qd4 26. Nb3 Qf2 27. Rf1 Qh4 28.
Qf3 Bh6 29. Rbd1 Rbc8 30. Qe2 30... Bf4 {...} 0-1

[Event "IV Torneo A"]
[Site "Assisi ITA"]
[Date "2008.12.21"]
[Round "6"]
[White "Quimi, Marco"]
[Black "Meijers, Viesturs"]
[Result "0-1"]
[WhiteElo "2239"]
[BlackElo "2514"]
[PlyCount "59"]
[EventDate "2008.12.18"]

1. e4 c5 2. Nf3 e6 3. d4 cxd4 4. Nxd4 a6 5. Bd3 d6 6. Nc3 Nf6 7. O-O Nbd7 8.
Be3 Qc7 9. f4 b5 10. f5 Ne5 11. fxe6 fxe6 12. a4 b4 13. Na2 Neg4 14. Rxf6 Nxf6
15. Kh1 e5 16. Ne2 d5 17. Ng3 d4 18. Bd2 Rb8 19. Qe2 Bg4 20. Qf1 a5 21. Bg5 Be7
22. Bc4 h6 23. Bxf6 Bxf6 24. Nc1 Rf8 25. Qd3 g6 26. Nb3 h5 27. h3 Bd7 28. Nd2
Bh4 29. Kh2 Bg5 30. Ne2 0-1

[Event "IV Torneo A"]
[Site "Assisi ITA"]
[Date "2008.12.21"]
[Round "6"]
[White "Tocchioni, Doriano"]
[Black "Caruso, Augusto"]
[Result "1-0"]
[WhiteElo "2259"]
[BlackElo "2250"]
[PlyCount "39"]
[EventDate "2008.12.18"]

1. c4 Nf6 2. Nf3 e6 3. g3 b6 4. Bg2 Bb7 5. Nc3 Be7 6. O-O O-O 7. d4 d5 8. Ne5
Nbd7 9. Qa4 c5 10. Nxd7 Nxd7 11. cxd5 Bf6 12. Be3 Qe7 13. d6 Qxd6 14. dxc5 Nxc5
15. Bxc5 bxc5 16. Bxb7 Rad8 17. Rad1 Qb6 18. Bf3 Qxb2 19. Ne4 Rfe8 20. Qxa7 1-0